00589nam a22002057i 45000010005000000030004000050050017000090070003000260080041000290200018000700240014000880240020001020400008001220410008001301000030001382450075001682600049002434900048002928300043003405845OSt20180914150756.0tu161220s1998 gw ||||| |||| ||| ||ger d a3-8015-0329-17 a58452RID7 a58452RSN (alt) cOSt ager1 aMichalski, KrzysztofeEd.00aVom Neuschreiben der Geschichte. Erinnerungspolitik nach 1945 und 1989 aFrankfurt/Main :bVerlag Neue Kritik,c1998.1 aTransit: Europäische Revuev15x0938-2062 0w5841tTransit: Europäische Revuev15